Official diary as Commissioner of Lahore; life in the Punjab

Bibliographic Details
Corporate Authors: Lt-Colonel Sir James Dunlop-Smith (Author), Private Secretary to Viceroy 1905-10 (Author), Political ADC to Secretary of State for India 1910-21 (Author), Adam Matthew Digital (Firm) (digitiser.)
Format: eBook
Language:English
Published: Marlborough, Wiltshire : Adam Matthew Digital, 2018.
Series:AM Scholar: Area Studies India.
Subjects:
Online Access:Connect to the full text of this electronic book

MARC

Tag First Indicator Second Indicator Subfields
LEADER 00000cam a2200000Mi 4500
001 in00005477136
006 m o u
007 cr |n|---uuuuu
008 190205s2018 enk o ||| 0 eng d
005 20240917155135.2
035 |a (OCoLC)on1114581954 
040 |a UKAMD  |b eng  |c UKAMD  |d OCLCO 
035 |a (OCoLC)1114581954 
049 |a TXAM 
245 0 0 |a Official diary as Commissioner of Lahore; life in the Punjab  |g 1883. 
264 1 |a Marlborough, Wiltshire :  |b Adam Matthew Digital,  |c 2018. 
300 |a 1 online resource. 
336 |a text  |b txt  |2 rdacontent 
337 |a computer  |b c  |2 rdamedia 
338 |a online resource  |b cr  |2 rdacarrier 
490 1 |a AM Scholar: Area Studies India. 
500 |a Ms Eur F.166/25. 
534 |p Reproduction of:  |t Official diary as Commissioner of Lahore; life in the Punjab  |c 1883. 
535 1 |a British Library 
542 |f The British Library Board 
588 0 |a Description based on online resource (viewed on February 5, 2019). 
655 7 |a Electronic books.  |2 local 
710 2 |a Lt-Colonel Sir James Dunlop-Smith,  |c 1858-1921, Private Secretary to Lt-Governor of the Punjab 1883-87,  |e author. 
710 2 |a Private Secretary to Viceroy 1905-10,  |e author. 
710 2 |a Political ADC to Secretary of State for India 1910-21,  |e author. 
710 2 |a Adam Matthew Digital (Firm),  |e digitiser. 
830 0 |a AM Scholar: Area Studies India. 
856 4 0 |u http://proxy.library.tamu.edu/login?url=https://www.amscholar.amdigital.co.uk/Documents/Details/IDR_Part3_Reel15_Vol3  |z Connect to the full text of this electronic book  |t 0 
955 |a Adam Matthew Scholar Area Studies India 
994 |a 92  |b TXA 
999 f f |s 8c235817-1f7e-4e97-8936-e377e21fcfed  |i d9ededb1-fe46-4d2e-baab-9c28f4eac74e  |t 0 
952 f f |a Texas A&M University  |b College Station  |c Electronic Resources  |d Available Online  |t 0  |h Library of Congress classification 
998 f f |t 0  |l Available Online